Príslovia a porekadlá v štyroch jazykoch - španielčina, slovenčina, čeština, latinčina

Bibliographic Details
Main Author: Trup, Ladislav, 1943-2011 (Author)
Format: Book
Language:Slovak
Spanish
Czech
Latin
PhysicalDescription:147 s. 10 x 14 cm
Published: Bratislava Sofa 1993
ISBN:8085752042
Edition:[1. vyd.]
Series:Edícia pre voľný čas a poučenie
Subjects:

MARC

LEADER 00000cam a2200000 a 4500
001 vtls001072901
003 SK-MaSNL
005 20260301111022.0
008 240318s1993 xo 00001 slo
015 |a SNBA1993/10 
020 |a 8085752042 
035 |a SNK000015732 
035 |a urn:nbn:sk:snk-am3hfgx 
035 |a 6A93E320-D6AB-4391-B7E6-40ED1679CA2D 
035 |a urn:nbn:sk:snk-am00cygy 
040 |a SNK  |b slo  |c SNK  |e AACR2 
041 0 |a slo  |a spa  |a cze  |a lat 
044 |a xo  |c SK 
080 |a 398.6=60=854=850=71  |2 1981 
100 1 |a Trup, Ladislav,  |d 1943-2011  |4 aut  |9 198154 
245 1 0 |a Príslovia a porekadlá  |b v štyroch jazykoch - španielčina, slovenčina, čeština, latinčina  |c Ladislav Trup 
250 |a [1. vyd.] 
260 |a Bratislava  |b Sofa  |c 1993  |e S.l.TYPO ŠALING  |f TYPO ŠALING 
300 |a 147 s.  |c 10 x 14 cm 
490 1 |a Edícia pre voľný čas a poučenie 
500 |a Ilustr. na rozlož. tit. liste 
546 |a Text aj v češtine, latinčine a španielčine 
650 0 7 |a príslovia a porekadlá  |2 SNKPH  |9 1781 
655 7 |a zbierky  |2 SNKPH  |9 70533 
830 0 |a Edícia pre voľný čas a poučenie  |9 376180 
919 |a 80-85752-04-2 
958 |a APR 
958 |a TL 
958 |a LX 
999 |c 705124  |d 707054 
952 |a SNK  |b SNK  |y VYP  |7 0  |p 17A0176654  |o snkSE 8602 D1  |i snkKSP 8044/93  |0 0  |1 0  |4 0  |d 1999-01-13  |l 0  |r 2004-12-31 00:00:00  |w 2026-02-23 
952 |a SNK  |b SNK  |y PREZ  |7 0  |p 17A0786866  |o snkSE 8602  |0 0  |1 0  |4 0  |d 2012-01-25  |f 1  |l 0  |r 2026-02-23 21:13:08  |w 2026-02-23